All 398 Baseball Players in the 1909-11 T206 Tobacco Card Set - Statistics

General Stats
  • This quiz has been taken 6 times
  • The average score is 61 of 398
Answer Stats
Team Player (Last Name) % Correct
Baltimore Jackson
100%
Boston Americans | Pittsburg Wagner
100%
Detroit Cobb
80%
Chicago Americans | Detroit | St. Louis Americans Jones
80%
Atlanta | Brooklyn | Buffalo | +2 others Smith
80%
Boston Americans Speaker
80%
Cleveland | Minneapolis Young
80%
Baltimore Adkins
60%
Philadelphia Americans Baker
60%
Chicago Nationals | Washington Brown
60%
Chicago Americans | Philadelphia Americans Davis
60%
Washington Johnson
60%
Cleveland Lajoie
60%
Detroit Mullen
60%
Detroit Mullin
60%
Philadelphia Americans Plank
60%
St. Louis Americans Williams
60%
Pittsburg Abbaticchio
40%
Toledo Abbott
40%
Providence Anderson
40%
Chicago Americans Atz
40%
New York Americans Ball
40%
Boston Nationals Bates
40%
Boston Nationals Beck
40%
Cleveland Birmingham
40%
St. Louis Nationals Bresnahan
40%
Chicago Nationals Chance
40%
New York Americans Chase
40%
Boston Americans Cicotte
40%
Columbus (Ohio) Clark
40%
New York Nationals Crandall
40%
Indianapolis Cross
40%
New York Americans | New York Nationals Doyle
40%
Chicago Americans Duffy
40%
Chicago Nationals Evers
40%
Cleveland Flick
40%
Baltimore Hall
40%
New York Nationals Mathewson
40%
New York Nationals McGraw
40%
New York Nationals Merkle
40%
New York Nationals Murray
40%
Chicago Nationals Pfeister
40%
Chicago Nationals Tinker
40%
St. Louis Americans Wallace
40%
Brooklyn Wheat
40%
Buffalo | Chicago Americans | Houston White
40%
St. Louis Nationals Willis
40%
Pittsburg Wilson
40%
Chicago Nationals Zimmerman
40%
Pittsburg Abstein
20%
Brooklyn Alperman
20%
New York Nationals Ames
20%
Boston Americans Arellanes
20%
Minneapolis Armbruster
20%
Providence Arndt
20%
Milwaukee | Philadelphia Americans Barry
20%
San Antonio Bastian
20%
Rochester Batch
20%
Nashville Bay
20%
Boston Nationals Becker
20%
Kansas City Beckley
20%
Brooklyn Bell
20%
Philadelphia Americans Bender
20%
Nashville Bernhard
20%
Cincinnati Bescher
20%
St. Louis Nationals Bliss
20%
Boston Nationals Bowerman
20%
Cleveland Bradley
20%
Brooklyn Burch
20%
Chicago Americans Burns
20%
Cincinnati Campbell
20%
Indianapolis Carr
20%
Boston Americans Carrigan
20%
Montreal Casey
20%
Cleveland | Pittsburg Clarke
20%
Buffalo Clymer
20%
Minneapolis | Philadelphia Americans Collins
20%
St. Louis Americans Criss
20%
Brooklyn Dahlen
20%
Indianapolis Davidson
20%
New York Americans Demmitt
20%
New York Nationals Devlin
20%
New York Nationals Donlin
20%
Philadelphia Nationals Doolin
20%
Kansas City Dorner
20%
Cincinnati Downey
20%
Minneapolis Downs
20%
Baltimore Dunn
20%
Washington Elberfeld
20%
Nashville Ellam
20%
New York Americans Engle
20%
St. Louis Nationals Evans
20%
St. Louis Americans Ferris
20%
Chicago Americans Fiene
20%
New York Americans Ford
20%
Toledo Freeman
20%
Cincinnati Fromme
20%
Chicago Americans Gandil
20%
St. Louis Nationals Geyer
20%
Washington Gray
20%
Chicago Americans Hahn
20%
Little Rock | Montgomery Hart
20%
Philadelphia Americans Hartsel
20%
Boston Nationals Herzog
20%
Providence | St. Louis Americans Hoffman
20%
Chicago Nationals Hofman
20%
Lynchburg Hooker
20%
St. Louis Americans Howell
20%
Cincinnati Huggins
20%
St. Louis Nationals Hulswitt
20%
Detroit Jennings
20%
Cleveland Joss
20%
New York Americans Keeler
20%
Toronto Kelley
20%
Chicago Nationals Kling
20%
Chicago Nationals Kroh
20%
New York Americans | St. Louis Americans Lake
20%
New York Nationals Latham
20%
Pittsburg Leach
20%
Pittsburg Leifield
20%
Cleveland Liebhardt
20%
Boston Nationals Lindaman
20%
Richmond Lipe
20%
Philadelphia Americans Livingstone
20%
Boston Americans Lord
20%
Chicago Nationals | Kansas City Lundgren
20%
New York Nationals Marquard
20%
Brooklyn Marshall
20%
Boston Nationals Mattern
20%
Washington McBride
20%
Milwaukee McGann
20%
Newark McGinnity
20%
Washington Milan
20%
Dallas | Pittsburg Miller
20%
Cincinnati | Toronto Mitchell
20%
Jersey City Moeller
20%
Detroit Moriarty
20%
Jacksonville Mullaney
20%
Philadelphia Americans Murphy
20%
Chicago Nationals Needham
20%
Philadelphia Americans Nichols
20%
Boston Americans Niles
20%
Minneapolis Oberlin
20%
New York Nationals O'Hara
20%
Chicago Nationals Overall
20%
Charleston Paige
20%
Brooklyn Pattee
20%
St. Louis Americans Pelty
20%
Montgomery Persons
20%
Chicago Nationals Pfeffer
20%
St. Louis Americans Powell
20%
Philadelphia Americans Powers
20%
Richmond Revelle
20%
Detroit Schaefer
20%
New York Nationals Schlei
20%
New York Nationals Seymour
20%
Roanoke Shaughnessy
20%
Chicago Nationals Sheckard
20%
New York Nationals Snodgrass
20%
Boston Americans Spencer
20%
Boston Americans Stahl
20%
Chicago Nationals Steinfeldt
20%
St. Louis Americans Stone
20%
Chicago Americans Sullivan
20%
Chicago Americans | Washington Tannehill
20%
Buffalo Taylor
20%
Philadelphia Americans Thomas
20%
St. Louis Americans Waddell
20%
Chicago Americans Walsh
20%
Danville Westlake
20%
Detroit Willett
20%
Detroit Willetts
20%
New York Nationals Wiltse
20%
St. Louis Nationals Barbeau
0%
Rochester Barger
0%
Boston Nationals Beaumont
0%
Brooklyn Bergen
0%
Cleveland Berger
0%
Providence Blackburne
0%
Buffalo Brain
0%
Philadelphia Nationals Bransfield
0%
Kansas City Brashear
0%
New Orleans Breitenstein
0%
New York Nationals Bridwell
0%
Buffalo Burchell
0%
Indianapolis Burke
0%
Detroit Bush
0%
Rochester Butler
0%
St. Louis Americans Byrne
0%
Pittsburg Camnitz
0%
Memphis Carey
0%
Baltimore Cassidy
0%
Rochester Chappelle
0%
St. Louis Americans Charles
0%
New York Americans Chesbro
0%
Buffalo Clancy
0%
Augusta Coles
0%
Columbus (Ohio) Congalton
0%
Washington Conroy
0%
Philadelphia Nationals Covaleski
0%
Memphis Cranston
0%
Minneapolis Cravath
0%
Detroit Crawford
0%
New York Americans Cree
0%
St. Louis Americans Criger
0%
Louisville Delehanty
0%
Baltimore Dessau
0%
New York Americans Devore
0%
St. Louis Americans Dineen
0%
Chicago Americans Donohue
0%
Detroit Donovan
0%
Philadelphia Nationals Dooin
0%
Philadelphia Nationals Doolan
0%
Chicago Americans Dougherty
0%
Cincinnati Dubuc
0%
New York Nationals Durham
0%
Philadelphia Americans Dygert
0%
Cleveland Easterly
0%
Cincinnati Egan
0%
Cincinnati Ewing
0%
Boston Nationals Ferguson
0%
Buffalo Flanagan
0%
New York Nationals Fletcher
0%
Charleston Foster
0%
New York Americans Frill
0%
New Orleans Fritz
0%
Washington Ganley
0%
Rochester Ganzel
0%
Cincinnati Gasper
0%
Pittsburg Gibson
0%
St. Louis Nationals Gilbert
0%
Cleveland Goode
0%
Boston Nationals | St. Louis Nationals Graham
0%
Montgomery Greminger
0%
Cincinnati Griffith
0%
Toronto Grimshaw
0%
Washington Groom
0%
Portsmouth Guiheen
0%
Kansas City Hallman
0%
Jersey City Hannifan
0%
Indianapolis Hayden
0%
Columbus (Georgia) Helm
0%
New York Americans Hemphill
0%
Augusta Hickman
0%
Cleveland | Toledo Hinchman
0%
Cincinnati Hoblitzell
0%
Chicago Nationals | Savannah Howard
0%
Brooklyn Hummel
0%
Brooklyn Hunter
0%
Chicago Americans Isbell
0%
Philadelphia Nationals Jacklitsch
0%
Atlanta | Brooklyn Jordan
0%
Cincinnati Karger
0%
Columbia Kiernan
0%
Detroit Killian
0%
Danville King
0%
Buffalo Kisinger
0%
New York Americans Kleinow
0%
Philadelphia Nationals Knabe
0%
New York Americans Knight
0%
St. Louis Nationals Konetchy
0%
Philadelphia Americans Krause
0%
Columbus (Ohio) Kruger
0%
Macon Lafitte
0%
New York Americans LaPorte
0%
Providence Lattimore
0%
Providence Lavender
0%
Brooklyn Lennox
0%
Little Rock Lentz
0%
Cincinnati Lobert
0%
Brooklyn Lumley
0%
Pittsburg Maddox
0%
Philadelphia Nationals Magee
0%
Buffalo Malarkey
0%
Rochester Maloney
0%
Columbia Manion
0%
New York Americans Manning
0%
St. Louis Americans McAleese
0%
Portsmouth McCauley
0%
New York Nationals McCormick
0%
Brooklyn McElveen
0%
Toronto McGinley
0%
Milwaukee McGlynn
0%
Brooklyn | Chicago Nationals | Detroit McIntyre
0%
Cincinnati McLean
0%
Philadelphia Nationals McQuillan
0%
Jersey City Merritt
0%
New York Nationals Meyers
0%
Jersey City Milligan
0%
Birmingham Molesworth
0%
Chicago Nationals | Providence Moran
0%
Cincinnati Mowrey
0%
New York Nationals Myers
0%
Buffalo Nattress
0%
Cincinnati Oakes
0%
St. Paul O'Brien
0%
Philadelphia Americans Oldring
0%
Detroit O'Leary
0%
Minneapolis O'Neil
0%
Lynchburg Orth
0%
Norfolk Otey
0%
Chicago Americans Owen
0%
Chicago Americans Parent
0%
Cincinnati Paskert
0%
Brooklyn Pastorius
0%
Chicago Americans Payne
0%
Nashville Perdue
0%
Cleveland Perring
0%
Providence Phelan
0%
St. Louis Nationals Phelps
0%
Pittsburg Phillippe
0%
Minneapolis Pickering
0%
Baltimore Poland
0%
Chicago Americans Purtell
0%
Louisville Puttman
0%
Minneapolis Quillen
0%
New York Americans Quinn
0%
Milwaukee Randall
0%
New York Nationals Raymond
0%
New Orleans Reagan
0%
Chicago Nationals Reulbach
0%
Cleveland Rhoades
0%
St. Louis Nationals Rhodes
0%
Boston Nationals Ritchey
0%
Kansas City Ritter
0%
Montgomery Rockenfeld
0%
Detroit Rossman
0%
Brooklyn Rucker
0%
Toronto Rudolph
0%
Roanoke Ryan
0%
Buffalo Schirm
0%
Newark Schlafly
0%
Detroit Schmidt
0%
Columbus (Ohio) Schreck
0%
Chicago Nationals Schulte
0%
Chicago Americans Scott
0%
Norfolk Seitz
0%
Kansas City Shannon
0%
Newark Sharpe
0%
Providence | St. Louis Nationals Shaw
0%
Washington Shipke
0%
Baltimore Slagle
0%
Cincinnati Spade
0%
Detroit Stanage
0%
San Antonio Stark
0%
Boston Nationals Starr
0%
St. Louis Americans Stephens
0%
Cleveland Stovall
0%
Baltimore Strang
0%
Washington Street
0%
Detroit Summers
0%
Boston Nationals | New York Americans Sweeney
0%
New York Nationals Tenney
0%
Waco Thebo
0%
Louisville Thielman
0%
Mobile Thornton
0%
Philadelphia Nationals Titus
0%
Cleveland Turner
0%
Washington Unglaub
0%
Jacksonville Violat
0%
New York Americans Warhop
0%
New York Nationals Weimer
0%
Brooklyn Wilhelm
0%
Toledo Wright
0%
No matching quizzes found
Score Distribution
Percent of People with Each Score
Percentile by Number Answered
Your Score History
You have not taken this quiz